000 00405 a2200157 4500
999 _c40932
_d40932
003 OSt
005 20210917104304.0
008 210917c fr|p| ||||a00| 0eng d
022 _209730419
040 _coclc
050 _a331
_b/L
082 _a331
_b/L
245 _aLabour & Development
260 _aNoida:
_bV V Giri National Institute,
942 _2ddc
_cCR
_h331
_i/L
_k331
_m/L
_s1